Music Quiz

Random Music Quiz

Rihanna-Disturbia Lyrics Quiz Stats

 Plays Quiz not verified by Sporcle

Score 0/245 Timer 10:00
0 Plays Today
% Correct
the
92.2%
a
92.2%
the
92.2%
and
92.2%
and
92.2%
a
92.2%
the
92.2%
the
92.2%
the
92.2%
the
92.2%
the
92.2%
the
92.2%
a
92.2%
the
92.2%
and
92.2%
and
92.2%
a
92.2%
the
92.2%
a
92.2%
Chorus
92.2%
Beginning of Chorus
92.2%
Chorus
92.2%
End of Chorus
92.2%
in
90.3%
in
90.3%
in
90.3%
in
90.3%
in
90.3%
in
90.3%
it
88%
it
88%
it
88%
it
88%
it
88%
it
88%
it
88%
disturbia
86.7%
disturbia
86.7%
disturbia
86.7%
disturbia
86.7%
you
86.4%
you
86.4%
you
86.4%
you
86.4%
you
86.4%
you
86.4%
you
86.4%
you
86.4%
you
86.4%
you
86.4%
you
86.4%
you
86.4%
you
86.4%
like
82.7%
to
82.7%
like
82.7%
to
82.7%
like
82.7%
to
82.7%
like
82.7%
like
82.7%
to
82.7%
to
82.7%
like
82.7%
to
82.7%
it's
81.9%
it's
81.9%
it's
81.9%
it's
81.9%
it's
81.9%
it's
81.9%
no
80%
go
78%
go
78%
i'm
77%
i'm
77%
i'm
77%
i'm
77%
i'm
77%
can
75.6%
can
75.6%
can
75.6%
% Correct
can
75.6%
me
72.9%
me
72.9%
me
72.9%
of
72.8%
of
72.8%
of
72.8%
of
72.8%
light
72.6%
night
72.4%
night
72.4%
do
71.6%
feel
70.1%
feel
70.1%
be
68.5%
be
68.5%
think
68%
think
68%
think
68%
going
67.7%
going
67.7%
this
67.3%
this
67.3%
this
67.3%
mind
67.1%
mind
67.1%
i
67%
on
67%
on
67%
on
67%
i
67%
on
67%
on
67%
i
67%
i
67%
i
67%
can't
66.7%
can't
66.7%
can't
66.7%
more
66.5%
come
66.2%
come
66.2%
what
66.1%
get
65.7%
get
65.7%
even
64.7%
even
64.7%
even
64.7%
grab
63.2%
grab
63.2%
darkness
62.8%
for
62.7%
for
62.7%
too
62.5%
too
62.5%
your
62.2%
your
62.2%
your
62.2%
control
62.1%
control
62.1%
about
61.8%
about
61.8%
don't
61.1%
thief
61.1%
don't
61.1%
thief
61.1%
my
60.4%
my
60.4%
city
60.3%
up
60.1%
up
60.1%
close
59.7%
close
59.7%
is
59.3%
creep
59.2%
creep
59.2%
consume
59%
consume
59%
comfort
58.3%
wonder
58.3%
comfort
58.3%
inside
57.7%
% Correct
inside
57.7%
insane
56.9%
why
56%
disease
55.9%
disease
55.9%
crazy
54.5%
out
54.5%
out
54.5%
out
54.5%
gas
54.3%
now
54.2%
twice
53.9%
started
53.1%
scaring
52.3%
head
52%
nothing
51.9%
nothing
51.9%
if
51.5%
if
51.5%
yeah
50.6%
just
50.4%
gonna
50.3%
gonna
50.3%
with
50.2%
feels
50.1%
under
49.7%
am
49.7%
oh
48.8%
oh
48.8%
tonight
48%
speak
47.9%
better
47.9%
ain't
47.6%
ain't
47.6%
heard
47.1%
said
47.1%
so
46.4%
what's
46.3%
monster
46.3%
might
46%
want
45.4%
wrong
45%
life
44.2%
sh**
43.7%
used
42.5%
nice
41.3%
play
41%
they're
40.7%
wise
40.1%
wall
39.8%
talking
39.1%
pictures
38.6%
from
38.6%
ring
37%
we're
36.9%
will
35.9%
figure
35.9%
phone
35.2%
gotta
34.3%
but
34.1%
must
33.8%
watch
33.7%
release
32.9%
mind's
31.6%
curse
31.1%
altered
30.5%
thought
30.3%
put
30.1%
or
29.7%
train
29.4%
disconnected
28.9%
trying
28.3%
struggling
28.3%
falter
27.7%
faded
26%
red
22%
ah
19.1%
pretty
18.4%
calls
17.9%
maintain
17.7%
lies
10.2%

You're not logged in!

Compare scores with friends on all Sporcle quizzes.
OR
Log In

Show Comments

Extras

Created Feb 25, 2012ReportNominate

Top Quizzes Today


Score Distribution

Your Account Isn't Verified!

In order to create a playlist on Sporcle, you need to verify the email address you used during registration. Go to your Sporcle Settings to finish the process.

Report this User

Report this user for behavior that violates our Community Guidelines.

Details: